English Villages to Counties — Click Quiz #3 - Statistics

General Stats
  • This quiz has been taken 294 times
  • The average score is 7 of 15
Answer Stats
Hint Answer % Correct
Aintree Merseyside
74%
Brize Norton Oxfordshire
66%
Malvern Wells Worcestershire
60%
Alderley Edge Cheshire
58%
Cerne Abbas Dorset
55%
North Ferriby East Riding of Yorkshire
52%
Hever Kent
50%
Keele Staffordshire
49%
Knebworth Hertfordshire
46%
Bidford-on-Avon Warwickshire
43%
Eyam Derbyshire
42%
Happisburgh Norfolk
42%
Whitburn Tyne and Wear
39%
Godshill Isle of Wight
23%
Nanpantan Leicestershire
17%
No matching quizzes found
Score Distribution
Percent of People with Each Score
Percentile by Number Answered
Your Score History
You have not taken this quiz